| 000 | 00467nam a2200181Ia 4500 | ||
|---|---|---|---|
| 005 | 20240823015754.0 | ||
| 008 | 240823s9999||||xx |||||||||||||| ||und|| | ||
| 041 | _aENGLISH | ||
| 082 | _A658.022 P5 | ||
| 100 | _a"Malburg,Christopher R" | ||
| 245 | 0 | _aAll-In-One Business Planner | |
| 250 | _a1st | ||
| 260 |
_c2005 _b"Adams Media Corporation Avon,Massachu" |
||
| 500 | _aTRANSFERED | ||
| 650 |
_aPlanning _bManagement Studies |
||
| 942 | _cBK | ||
| 999 |
_c173201 _d173201 |
||